|
|
|
|
| LEADER |
00000cam a2200000 7i4500 |
| 001 |
0000006130 |
| 005 |
20220126.0 |
| 008 |
070814 |
| 020 |
|
|
|a 967611748X
|
| 090 |
0 |
0 |
|a JF
|b ENG
|
| 100 |
1 |
|
|a Randall, Ronne
|
| 245 |
1 |
0 |
|a Where does the food in your fridge come from? :
|b helping to explain food sources
|c Ronne Randall
|
| 260 |
|
|
|a Kuala Lumpur :
|b Utusan Publication & Distributor ,
|c 2005
|
| 440 |
|
0 |
|a Stepping stones
|
| 500 |
|
|
|a Children ages 10-12 years old (pink)
|
| 650 |
|
0 |
|a English fiction
|
| 650 |
|
0 |
|a Junior fiction
|x English
|x Languages
|
| 650 |
|
0 |
|a Quiz
|
| 999 |
|
|
|a 0000982084
|b Book
|c Children Collection
|e Cawangan Muar
|
| 999 |
|
|
|a 0000982085
|b Book
|c Children Collection
|e Cawangan Sri Merlong
|
| 999 |
|
|
|a 0000982086
|b Book
|c Children Collection
|e Perbadanan Perpustakaan Awam Johor
|
| 999 |
|
|
|a 0000982087
|b Book
|c Children Collection
|e Perbadanan Perpustakaan Awam Johor
|
| 999 |
|
|
|a 0000984356
|b Book
|c Children Collection
|e Cawangan Bandar Penawar
|
| 999 |
|
|
|a 0000984357
|b Book
|c Children Collection
|e Cawangan Taman Universiti
|